000 00513nam a22001817a 4500
003 CEME
005 20210628202523.0
008 210105b xxu||||| |||| 00| 0 eng d
020 _a9788126551088
040 _c.
082 _a620.0042 OMU
100 _aBenton, brian ,omura, george
_960309
245 _aMastering autocad 2015 and autocad lt 2015
260 _aINDIA
_bSYBEX
_c2015
300 _aXXXII, 1048P
650 _aTEXTBOOK-MTS. MASTERING AUTOCAD 2015 AND AUTOCAD LT 2015
_960310
942 _cBK
_2ddc
999 _c570068
_d570068